000
00220 a2200097 4500
001
16905
100
_a
Moder J J
245
_a
Project Management with CPM
260
_a
London
_b
Van Nostrand
_c
090
_c
12687
_d
12687
942
_a
NUST-CAE
_c
M
_c
2988
999
_c
251978
_d
251978